000 00307nam a22001217a 4500
082 _a100
_bSWA/C
100 _aSWAMI VIVEKANANDA
245 _aTHE COMPLETE WORKS OF SWAMI VIVEKANANDA
260 _aKOLKATA
_bADVAITA ASHRAMA
300 _a609
650 _aWORKS OF SWAMI VIVEKANANDA
_zKOLKATA
942 _cBK
999 _c5695
_d5695